000
00160 a2200085 4500
041
_a
spa
100
_a
La prensa
245
_a
Atlas del cuerpo humano
942
_c
BK
999
_c
30984
_d
30982